| 000 | 00727nam a2200217Ia 4500 | ||
|---|---|---|---|
| 008 | 130821s1997 enk gr eng | ||
| 020 | _a071904930X | ||
| 040 |
_aCo-BoUCM _bspa |
||
| 041 | 0 | 0 | _aeng |
| 100 | 1 | _aKnutsen, Zorbjorn L. | |
| 245 | 1 | 2 |
_aA history of international relations theory _cZorbjorn L. Knutsen |
| 250 | _a2nd. ed | ||
| 260 |
_aMánchester (Inglaterra) _bManchester University Press _c1997 |
||
| 300 | _a354 páginas | ||
| 504 | _aIncluye índice y bibliografía | ||
| 650 | 0 | 4 |
_aHistoria _97695 |
| 650 | 0 | 4 |
_aRelaciones internacionales _98042 |
| 650 | 0 | 4 |
_aRelaciones internacionales _xHistoria _98042 |
| 942 |
_cLIBRO _a5 _e2 _mK74H _2DEWEY _h327.101 |
||
| 999 |
_c29175 _d29175 |
||